000
00361nam a2200169Ia 4500
003
0STCL
008
150530s9999 xx 000 0 und d
040
_a
STCL
_c
STCL
100
_a
Webster Smith, B.
245
_a
Fridtjof Nansen
250
_a
First
260
_c
1941
546
_a
English
942
_2
ddc
_c
BK
999
_c
61147
_d
61147
005
20220125171146.0